Advances in Conceptual Modeling : ER 2014 Workshops, ENMO, MoBiD, MReBA, QMMQ, SeCoGIS, WISM, and ER Demos, Atlanta, GA, USA, October 27-29, 2014 : Proceedings /

I tiakina i:
Ngā taipitopito rārangi puna kōrero
Kaituhi rangatōpū: ER 2014 Workshops, ENMO, MoBiD, MReBA, QMMQ, SeCoGIS, WISM, and ER Demos ( Atlanta, EUA)
Ētahi atu kaituhi: Indulska, Marta (edición) (edición), Purao, Sandeep (edición) (edición)
Hōputu: Mauhanga Hui Pukapuka
Reo:Ingarihi
I whakaputaina: Cham, Suiza : Springer, 2014, c2014
Rangatū:(Lecture Notes in Computer Science ; 8823)
Ngā marau:
Urunga tuihono:Ver documento en línea
Ngā Tūtohu: Tāpirihia he Tūtohu
Kāore He Tūtohu, Me noho koe te mea tuatahi ki te tūtohu i tēnei pūkete!

MARC

LEADER 00000nam^a2200000^a^4500
001 000433226
005 20251023000000.0
009 20260310123036.045
020 |a 978-3-319-12256-4 
037 |a Acervo ITESO - Biblioteca 
041 |a ING 
082 |a 004.  |b WOR 2014 
111 |a ER 2014 Workshops, ENMO, MoBiD, MReBA, QMMQ, SeCoGIS, WISM, and ER Demos (  |d 2014 :  |c Atlanta, EUA) 
240 1 1 |a [Advances in Conceptual Modeling] 
245 1 0 |a Advances in Conceptual Modeling :  |b ER 2014 Workshops, ENMO, MoBiD, MReBA, QMMQ, SeCoGIS, WISM, and ER Demos, Atlanta, GA, USA, October 27-29, 2014 : Proceedings /  |c Ed. de M. Indulska, S. Purao. 
264 4 |a Cham, Suiza :  |b Springer,  |c 2014, c2014 
264 2 |a Cham, Suiza :  |b Springer Link [distribución],  |c 2014 
300 |a 1 libro electrónico en línea (XVIII, 310 p.) 
300 |a 1 recurso en línea 
336 |a datos para computadora  |b cod  |2 rdacontenido 
337 |a computadora  |b c  |2 rdamedio 
338 |a recurso en línea  |b cr  |2 rdasoporte 
440 1 |a (Lecture Notes in Computer Science ;  |v 8823) 
506 0 |a Licencias ilimitadas 
649 |a XX 
650 |a Inteligencia de Negocios 
650 |a Big Data 
650 |a Minería de Datos 
650 |a Bases de Datos 
650 |a Computación en la Nube 
650 |a Cómputo Distribuido 
650 |a Servicios Web (Software) 
650 |a Sistemas de Información -  |x Congresos -  |x Tema Principal 
650 |a Ingeniería de Software 
650 |a Informática 
650 |a Ingeniería Computacional 
700 |a Indulska, Marta  |e (edición) 
700 |a Purao, Sandeep  |e (edición) 
856 4 0 |u https://link-springer-com.ezproxy.iteso.mx/10.1007/978-3-319-12256-4  |y Ver documento en línea 
910 |a Fondo General 
920 |a Electrónicos - Libros en Línea 
930 |a Plataforma Digital 
905 |a 205 
901 |a 433226-1  |b IT2  |c EBO  |i C172346  |u 20250521 
902 |a https://opac.biblio.iteso.mx/vufind/Record/000433226